=LDR 00000nam 2200000 4500 =001 INLIS000000000049814 =005 20170403111848.0 =006 =007 =008 =020 ##$$a978-602-7688-61-2 =035 ##$$0010-041700000000004 =082 ##$$a658.720 26 =100 ##$$aHERNOLD FERRY MAKAWIMBANG =245 ##$$aPENGADAAN BARANG/JASA PEMERINTAH =260 ##$$aJakarta : Gunung Mulia; 2016 =300 ##$$axiii;11209 hlm; 20 cm =850 ##$$a NBPNMAT =990 ##$$a21602211